000 00901nam a2200133Ia 4500
008 220615s9999||||xx |||||||||||||| ||und||
020 _a9783040000000
245 0 _aAdditively Manufactured Coatings
546 _aEnglish[eng]
650 _ametal additive manufacturing||nickel-based alloy||microstructure||cooling effect||laser cladding||TiC||microstructure control||wear behavior prediction||ductile materials||dislocation density||microstructure and recrystallization||cold gas dynamic spray||molecular dynamics||Ti coating||cyclic potentiodynamic polarization (CPP) test||hysteresis loop||wear||additive manufacturing||Inconel 718||friction||tribocorrosion||corrosion||H13 steel||thermal stress cycle||numerical simulation||unstable alternating thermal stress||residual stress||n/a
700 _aMenezes, Pradeep||Kumar, Pankaj
856 _uhttps://mdpi.com/books/pdfview/book/4604
942 _cEB
999 _c19079
_d19079